Modern Indian political thought (Record no. 4495)

MARC details
000 -LEADER
fixed length control field 00465nam a2200169Ia 4500
008 - FIXED-LENGTH DATA ELEMENTS--GENERAL INFORMATION
fixed length control field 230917s9999||||xx |||||||||||||| ||und||
020 ## - ISBN
Price RS 575.00
040 ## - CATALOGING SOURCE
-- 5009889
Original cataloging agency VIVEKANANDA LIBRARY
041 ## - Language
-- English
082 ## - DDC NUMBER
Classification number 320.50954 M726M
100 ## - MAIN ENTRY--PERSONAL NAME
Personal name Mohapatra, Suman
245 #0 - TITLE STATEMENT
Title Modern Indian political thought
260 ## - PUBLICATION, DISTRIBUTION, ETC. (IMPRINT)
Place of publication, distribution, etc New Delhi
Name of publisher, distributor, etc Academic Aspirations
Date of publication, distribution, etc 2021
300 ## - PHYSICAL DESCRIPTION
Pages xii, 328 p.
500 ## - GENERAL NOTE
General note 4367 14/01/2022 IF22/1059 15/01/2022 Main Budget
942 ## - ADDED ENTRY ELEMENTS (KOHA)
Koha item type Books
Holdings
Withdrawn status Lost status Damaged status Not for loan Location (home branch) Sublocation or collection (holding branch) Date acquired Koha issues (times borrowed) Koha full call number Accession No. Koha date last seen Koha item type
        VIVEKANANDA LIBRARY VIVEKANANDA LIBRARY 28/03/2022 3 320.50954 M726M 394042 01/12/2025 Books
© Designed and Maintained by Vivekananda Library, MDU Rohtak